Algunos elementos de carácter teórico que sustentan el discurso de las políticas económicas neoconservadoras /
Este trabajo aborda la relación que se presenta entre los planteamientos del denominado modelo neoliberal de la economía y una serie de propuestas económicas, tales como las surgidas de la hipótesis de las expectativas racionales, las propuestas de la nueva hacienda conservadora, los planteamientos...
Uloženo v:
| Hlavní autor: | |
|---|---|
| Médium: | Text |
| Témata: | |
| Tagy: |
Přidat tag
Žádné tagy, Buďte první, kdo vytvoří štítek k tomuto záznamu!
|
MARC
| LEADER | 00000 a a2200000 04500 | ||
|---|---|---|---|
| 001 | 40712 | ||
| 003 | |||
| 040 | |||
| 100 | |a Borgucci, Emmanuel | ||
| 245 | |a Algunos elementos de carácter teórico que sustentan el discurso de las políticas económicas neoconservadoras / |c Emmanuel Borgucci | ||
| 520 | |a Este trabajo aborda la relación que se presenta entre los planteamientos del denominado modelo neoliberal de la economía y una serie de propuestas económicas, tales como las surgidas de la hipótesis de las expectativas racionales, las propuestas de la nueva hacienda conservadora, los planteamientos monetaristas y las propuestas de la economía de la oferta. Se busca demostrar que las propuestas del denominado neoliberalismo, realmente son un conjunto de políticas económicas enmarcadas dentro del pensamiento neoconservador. | ||
| 590 | |a RRH/SEPTIEMBRE2012 | ||
| 650 | |a NEOLIBERALISMO | ||
| 650 | |a DEMANDA AGREGADA | ||
| 650 | |a TEORIA MONETARIA | ||
| 650 | |a TEORIA KEYNESIANA | ||
| 650 | |a OFERTA AGREAGADA | ||
| 650 | |a POLITICA ECONOMICA | ||
| 650 | |a MERCADO | ||
| 773 | |g volumen18, número32 (2007), páginas 25-54 | ||
| 999 | |c 24507 |d 24507 | ||
